000 00367pab a2200157 454500
008 180718b2004 xxu||||| |||| 00| 0 eng d
100 _aPonnusamy, K.
245 _aTechnology assessment in agriculture
260 _c2004
300 _ap.37-39.
362 _aJul
650 _aTechnology
650 _aAgricultural machinery
773 _aYojana
909 _a61316
999 _c61316
_d61316